[Event "France 2019 - Accession"]
[Site "Chartres"]
[Date "2019.08.22"]
[Round "6.8"]
[White "Duboue, Peio"]
[Black "Gertosio, Franck"]
[Result "1-0"]
[WhiteElo "2413"]
[BlackElo "2267"]
[PlyCount "131"]
[EventDate "2019.08.??"]
[EventType "swiss"]
[EventRounds "9"]
[EventCountry "FRA"]
[WhiteTeam "Echiquier de l'Erdre"]
[BlackTeam "Ste Foy Echecs"]

1. e4 e6 2. d4 d5 3. Nc3 Bb4 4. exd5 exd5 5. Bd3 Nc6 6. a3 Bxc3+ 7. bxc3 Nge7
8. Qh5 Be6 9. Rb1 b6 10. Nf3 Qd7 11. Ng5 O-O-O 12. O-O Bg4 13. Qxf7 h6 14. f3
Rdf8 15. Qxg7 Bf5 16. Nf7 Rhg8 17. Ne5 Nxe5 18. Qxe5 Ng6 19. Bxf5 Rxf5 20. Qg3
Qf7 21. Qh3 Kb7 22. Bd2 Nf4 23. Bxf4 Rh5 24. Qg4 Rf5 25. Qh4 Rh5 26. Qf2 Qxf4
27. g3 Rhg5 28. Kh1 Qd6 29. a4 Qc6 30. a5 Qxc3 31. axb6 axb6 32. Rbe1 Ra8 33.
Qe3 Qc4 34. f4 Rgg8 35. Qd3 Qc6 36. Ra1 h5 37. Rxa8 Rxa8 38. f5 Qf6 39. Qe3 Ra2
40. Rf2 h4 41. Kg2 h3+ 42. Kxh3 Rxc2 43. g4 Rc4 44. g5 Qh8+ 45. Kg2 Rxd4 46. f6
Rg4+ 47. Kh1 Qh7 48. Qf3 Rxg5 49. f7 Qg7 50. Rf1 Qf8 51. Qe2 Rg6 52. Qe8 Rg8
53. Qe6 Rg5 54. Rc1 d4 55. Qc6+ Ka6 56. Ra1+ Ra5 57. Qc4+ Kb7 58. Rxa5 bxa5 59.
Qb5+ Ka7 60. Qxa5+ Kb7 61. Qb5+ Ka7 62. Qa4+ Kb6 63. Qe8 Qc5 64. f8=Q Qc1+ 65.
Kg2 Qd2+ 66. Kg3 1-0

[Event "France 2019 - Accession"]
[Site "Chartres"]
[Date "2019.08.22"]
[Round "6.9"]
[White "Nguyen, Vincent"]
[Black "Bijaoui, Manuel"]
[Result "0-1"]
[WhiteElo "2288"]
[BlackElo "2433"]
[PlyCount "83"]
[EventDate "2019.08.??"]
[EventType "swiss"]
[EventRounds "9"]
[EventCountry "FRA"]
[WhiteTeam "La tour de Juvisy"]
[BlackTeam "A.J.E. Noyon"]

1. e4 c5 2. Nc3 a6 3. g3 b5 4. Bg2 Bb7 5. a4 b4 6. Nd5 e6 7. Ne3 Nf6 8. d3 d5
9. e5 Nfd7 10. f4 Nc6 11. Nh3 g6 12. O-O Bg7 13. c4 bxc3 14. bxc3 O-O 15. Ba3
Qa5 16. Qe1 Rab8 17. g4 d4 18. Nc4 Qc7 19. Ng5 dxc3 20. Nd6 Ncxe5 21. Nxb7 Nxd3
22. Qe4 Bd4+ 23. Kh1 Nf2+ 24. Rxf2 Bxf2 25. Rf1 Bd4 26. f5 Nf6 27. Qf3 h6 28.
Ne4 Nxe4 29. Qxe4 exf5 30. gxf5 g5 31. Qd5 c2 32. f6 Rfe8 33. Qf3 Re3 34. Qh5
Bxf6 35. Qxh6 Bg7 36. Qxg5 Rxa3 37. Bd5 c1=Q 38. Rxc1 Qe5 39. Qg2 Ra1 40. Rg1
Rxg1+ 41. Kxg1 Qa1+ 42. Qf1 0-1

[Event "France 2019 - Accession"]
[Site "Chartres"]
[Date "2019.08.22"]
[Round "6.10"]
[White "Philippe, Guillaume"]
[Black "Lux, Hugo De Melo"]
[Result "1-0"]
[WhiteElo "2321"]
[BlackElo "2401"]
[Annotator "Alain"]
[PlyCount "44"]
[EventDate "2019.08.??"]
[EventType "swiss"]
[EventRounds "9"]
[EventCountry "FRA"]
[WhiteTeam "L'Echiquier Châlonnais"]
[BlackTeam "Echecs 16"]

1. e4 c6 2. d3 d5 3. Nd2 e5 4. Ngf3 Bd6 5. g3 Nf6 6. Bg2 O-O 7. O-O Re8 8. b3
Nbd7 9. Bb2 Qc7 10. Re1 d4 11. c3 c5 12. a4 b6 13. Nc4 a6 14. Nh4 Bb7 15. Rf1
b5 16. Nxd6 Qxd6 17. cxd4 exd4 18. f4 g6 19. Bh3 Rad8 20. Qf3 Kg7 21. Rf2 Ng8
22. Bxd7 Rxd7 {gain blanc au 32ème coup} 1-0

[Event "France 2019 - Accession"]
[Site "Chartres"]
[Date "2019.08.22"]
[Round "6.11"]
[White "Travadon, Loic"]
[Black "Daeschler, Florian"]
[Result "1-0"]
[WhiteElo "2399"]
[BlackElo "2303"]
[PlyCount "59"]
[EventDate "2019.08.??"]
[EventType "swiss"]
[EventRounds "9"]
[EventCountry "FRA"]
[WhiteTeam "Cergy Pontoise Echecs"]
[BlackTeam "Club d'Echecs de Mundolsheim"]

1. Nf3 Nf6 2. g3 e6 3. Bg2 d5 4. O-O Be7 5. c4 O-O 6. b3 c5 7. Bb2 d4 8. e3 Nc6
9. exd4 cxd4 10. Re1 Ne8 11. Ne5 Nxe5 12. Rxe5 f6 13. Re1 Nc7 14. f4 Rb8 15. d3
b5 16. Nd2 Bb4 17. a3 bxc4 18. dxc4 Bxd2 19. Qxd2 Rxb3 20. Qxd4 Bb7 21. Bxb7
Rxb7 22. Rad1 Qe8 23. Bc3 Qh5 24. Bb4 Rfb8 25. Qc5 Qf3 26. Rd7 Na6 27. Qe7 Rxd7
28. Qxd7 Kh8 29. Qxe6 Nc7 30. Qf7 1-0

[Event "France 2019 - Accession"]
[Site "Chartres"]
[Date "2019.08.22"]
[Round "6.12"]
[White "Le Corre, Benjamin"]
[Black "Pigeat, Alexandre"]
[Result "0-1"]
[WhiteElo "2281"]
[BlackElo "2377"]
[PlyCount "78"]
[EventDate "2019.08.??"]
[EventType "swiss"]
[EventRounds "9"]
[EventCountry "FRA"]
[WhiteTeam "Ecole Française d'Echecs de Metz"]
[BlackTeam "Esbarres Bonnencontre Echecs"]

1. e4 e6 2. d4 d5 3. Nc3 Bb4 4. Nge2 Nf6 5. e5 Nfd7 6. a3 Be7 7. f4 Nb6 8. Ng3
g6 9. Be3 N8d7 10. Qd2 a5 11. Qf2 Nc4 12. Bxc4 dxc4 13. d5 exd5 14. Nxd5 Nxe5
15. O-O-O Nd3+ 16. Rxd3 cxd3 17. Nxe7 Qxe7 18. Bc5 Qd8 19. Rd1 Ra6 20. Rxd3 Bd7
21. f5 gxf5 22. Kb1 Rg8 23. Rd1 Rc6 24. Nxf5 Qf6 25. g4 b6 26. Be7 Qe6 27. Bh4
Rc4 28. Re1 Re4 29. Rxe4 Qxe4 30. Nh6 Qh1+ 31. Ka2 Be6+ 32. b3 Rg6 33. Qd4 Qd5
34. Qh8+ Kd7 35. Qd8+ Kc6 36. Qa8+ Kc5 37. Bf2+ Kd6 38. Qd8+ Kc6 39. Qa8+ Kd7
0-1

[Event "France 2019 - Accession"]
[Site "Chartres"]
[Date "2019.08.22"]
[Round "6.13"]
[White "Debray, Christopher"]
[Black "Le Goff, Ronan"]
[Result "1/2-1/2"]
[WhiteElo "2352"]
[BlackElo "2303"]
[PlyCount "153"]
[EventDate "2019.08.??"]
[EventType "swiss"]
[EventRounds "9"]
[EventCountry "FRA"]
[WhiteTeam "Grasse Echecs"]
[BlackTeam "Echiquier de l'Erdre"]

1. e4 e5 2. Bc4 Nf6 3. d3 c6 4. Nf3 d5 5. Bb3 a5 6. a4 Bb4+ 7. Bd2 O-O 8. Bxb4
axb4 9. exd5 cxd5 10. Nxe5 Re8 11. d4 Nc6 12. O-O Nxe5 13. dxe5 Rxe5 14. Nd2
Bg4 15. Nf3 Ne4 16. h3 Bxf3 17. Qxf3 Ra6 18. Qf4 Qe7 19. Rae1 Rf6 20. Qe3 Rfe6
21. Qd4 Nf6 22. Rxe5 Rxe5 23. Rd1 h5 24. Rd3 Re1+ 25. Kh2 Qe2 26. Re3 Qf1 27.
Rxe1 Qxe1 28. Bxd5 Nxd5 29. Qxd5 Qxf2 30. Qxb7 Qf4+ 31. g3 Qd2+ 32. Qg2 Qd4 33.
b3 h4 34. Qe2 hxg3+ 35. Kxg3 Qd6+ 36. Kg2 Qd5+ 37. Kg1 Qg5+ 38. Kf2 Qf4+ 39.
Kg2 Qg5+ 40. Kf1 Qf4+ 41. Qf2 Qc1+ 42. Qe1 Qf4+ 43. Qf2 Qc1+ 44. Kg2 Qg5+ 45.
Qg3 Qd2+ 46. Kf3 Qc3+ 47. Kg4 Qd4+ 48. Qf4 Qg1+ 49. Kh4 Qe1+ 50. Kh5 Qd1+ 51.
Qg4 Qxc2 52. Qxb4 Qf5+ 53. Kh4 Qf2+ 54. Kg4 Qg2+ 55. Kf4 Qf2+ 56. Ke5 Qf6+ 57.
Kd5 Qe6+ 58. Kd4 Qd7+ 59. Kc4 Qe6+ 60. Kb5 Qd5+ 61. Kb6 Qd8+ 62. Kb7 Qd7+ 63.
Ka6 Qc6+ 64. Qb6 Qa8+ 65. Kb5 Qd5+ 66. Kb4 Qd2+ 67. Kc4 Qc2+ 68. Kd5 Qd3+ 69.
Kc6 Qe4+ 70. Kd7 Qd5+ 71. Kc7 f5 72. a5 Qf7+ 73. Kd6 f4 74. Qd8+ Kh7 75. Qh4+
Kg8 76. Qd8+ Kh7 77. Qh4+ 1/2-1/2

[Event "France 2019 - Accession"]
[Site "Chartres"]
[Date "2019.08.22"]
[Round "6.14"]
[White "Pucher, Sebastien"]
[Black "Cotonnec, Melkior"]
[Result "0-1"]
[WhiteElo "2316"]
[BlackElo "2299"]
[PlyCount "120"]
[EventDate "2019.08.??"]
[EventType "swiss"]
[EventRounds "9"]
[EventCountry "FRA"]
[WhiteTeam "Club d'Echecs Metz Fischer"]
[BlackTeam "C.E. de Rueil Malmaison"]

1. c4 e5 2. g3 Nc6 3. Bg2 f5 4. Nc3 Nf6 5. e3 d6 6. Nge2 g6 7. O-O Bg7 8. d4
O-O 9. Rb1 a5 10. a3 Ne7 11. b4 axb4 12. axb4 c6 13. Qb3 Be6 14. d5 cxd5 15.
cxd5 Bf7 16. b5 Nd7 17. Ba3 Nc8 18. Na4 Ncb6 19. Nac3 Nc5 20. Bxc5 dxc5 21. e4
Qd6 22. Qc2 Be8 23. Ra1 Bd7 24. Rxa8 Rxa8 25. Bh3 Rf8 26. f3 Bh6 27. Qd3 c4 28.
Qc2 Be3+ 29. Kg2 Kg7 30. Qb1 Qc5 31. Rd1 Qd6 32. Rf1 h5 33. Rd1 Kh6 34. Rf1 Kg7
35. Rd1 Kg8 36. Rf1 Kh8 37. Qc2 Kg7 38. Ra1 h4 39. Rf1 hxg3 40. hxg3 Qf6 41.
Qa2 Rg8 42. Qc2 Rh8 43. Rh1 Qg5 44. Nd1 Bd4 45. Nxd4 exd4 46. f4 Qe7 47. Re1
fxe4 48. Bxd7 Qxd7 49. Qxe4 Qxd5 50. Qxd5 Nxd5 51. Re4 c3 52. Nf2 c2 53. Nd3
Nb4 54. Nc1 Rd8 55. Re2 d3 56. Rd2 Ra8 57. Kh3 Ra3 58. Kh4 Kf6 59. Kg4 Ra1 60.
Nxd3 Rd1 0-1

[Event "France 2019 - Accession"]
[Site "Chartres"]
[Date "2019.08.22"]
[Round "6.15"]
[White "Barseghyan, Harutyun"]
[Black "Gao, Etienne"]
[Result "1-0"]
[WhiteElo "2519"]
[BlackElo "2256"]
[PlyCount "131"]
[EventDate "2019.08.??"]
[EventType "swiss"]
[EventRounds "9"]
[EventCountry "FRA"]
[WhiteTeam "Nice Alekhine"]
[BlackTeam "Echiquier Club Le Mans"]

1. d4 Nf6 2. c4 g6 3. Nc3 d5 4. Bf4 Bg7 5. e3 O-O 6. Rc1 c5 7. dxc5 Be6 8. Nf3
Nc6 9. Be2 h6 10. O-O dxc4 11. Qa4 Nd7 12. Rfd1 Qc8 13. Qa3 b6 14. Nb5 Nce5 15.
Nxe5 Nxe5 16. Nd4 bxc5 17. Bxe5 Bxe5 18. Nf3 Bf6 19. Bxc4 Bg4 20. Bd5 Rb8 21.
b3 e6 22. h3 exd5 23. hxg4 c4 24. Rxd5 Qb7 25. Ra5 cxb3 26. axb3 Qxb3 27. Qxb3
Rxb3 28. Rxa7 Rb4 29. Rc6 Kg7 30. Raa6 Bd8 31. Nd4 Rb2 32. g3 Kg8 33. Kg2 Be7
34. Ra7 Bd8 35. Nf3 Bb6 36. Rb7 Bd4 37. Re7 Bh8 38. Rcc7 Bf6 39. Red7 Rb4 40.
Nd4 Be5 41. Ra7 Rb2 42. Nf3 Bb8 43. Ra8 Rb4 44. Nd4 Be5 45. Ra5 Bf6 46. Raa7
Rbb8 47. Nc6 Rbc8 48. Rd6 Kg7 49. Nd4 Bxd4 50. exd4 Rfd8 51. Rxd8 Rxd8 52. Ra4
Kf6 53. Kf3 h5 54. gxh5 gxh5 55. Ra6+ Ke7 56. Ke4 h4 57. Ra7+ Kf6 58. gxh4 Rh8
59. f4 Rxh4 60. Ra6+ Ke7 61. Ke5 Rh1 62. Ra7+ Ke8 63. f5 Rb1 64. Ra8+ Ke7 65.
f6+ Kd7 66. Rf8 1-0

[Event "France 2019 - Accession"]
[Site "Chartres"]
[Date "2019.08.22"]
[Round "6.16"]
[White "Bournel, Antoine"]
[Black "Willems, Niels"]
[Result "0-1"]
[WhiteElo "2259"]
[BlackElo "2351"]
[PlyCount "58"]
[EventDate "2019.08.??"]
[EventType "swiss"]
[EventRounds "9"]
[EventCountry "FRA"]
[WhiteTeam "L'Echiquier Châlonnais"]
[BlackTeam "Echecs Club Montpellier"]

1. e4 c6 2. d4 d5 3. e5 Bf5 4. h4 h5 5. Bd3 Bxd3 6. Qxd3 Qa5+ 7. Nd2 e6 8. Ne2
Qa6 9. c4 Nd7 10. b3 Ne7 11. Bb2 Nf5 12. Ng3 g6 13. Nxf5 gxf5 14. O-O Bh6 15.
Nf3 Nb6 16. Bc1 dxc4 17. Qc3 Bxc1 18. Rfxc1 cxb3 19. axb3 Nd5 20. Qb2 Qb6 21.
Rc5 Rg8 22. Kh2 Rg4 23. g3 f4 24. Ng5 fxg3+ 25. fxg3 Ne3 26. Nh7 O-O-O 27. Re1
Rgxd4 28. Qc1 Ng4+ 29. Kg1 Rd1 0-1

[Event "France 2019 - Accession"]
[Site "Chartres"]
[Date "2019.08.22"]
[Round "6.17"]
[White "Defromont, Benjamin"]
[Black "Sanchez, Louis"]
[Result "1-0"]
[WhiteElo "2236"]
[BlackElo "2331"]
[PlyCount "129"]
[EventDate "2019.08.??"]
[EventType "swiss"]
[EventRounds "9"]
[EventCountry "FRA"]
[WhiteTeam "Cannes Echecs"]
[BlackTeam "Corsica Chess Club"]

1. e4 g6 2. d4 Bg7 3. Nf3 d6 4. Bc4 Nf6 5. Qe2 O-O 6. O-O Bg4 7. h3 Bxf3 8.
Qxf3 Nc6 9. c3 e5 10. Be3 exd4 11. cxd4 d5 12. exd5 Na5 13. b3 a6 14. Nc3 b5
15. Bd3 b4 16. Ne4 Nxd5 17. Rac1 f5 18. Nc5 Qd6 19. Bxa6 Nxe3 20. fxe3 f4 21.
Bb7 Nxb7 22. Nxb7 Qe6 23. exf4 Bxd4+ 24. Kh1 Rxa2 25. Rxc7 Rb2 26. Rc4 Bc3 27.
Nc5 Qf7 28. Qc6 Re8 29. Ne4 Qe6 30. Qxe6+ Rxe6 31. Nxc3 bxc3 32. Rxc3 Ree2 33.
Rg3 Kg7 34. f5 Re5 35. fxg6 hxg6 36. Rc1 Re6 37. Kh2 Rb6 38. Rcc3 Kh6 39. Rgd3
Rb5 40. Re3 Rb6 41. h4 Rb4 42. Kh3 g5 43. hxg5+ Kh5 44. g3 Kxg5 45. Red3 Rb5
46. Rf3 Kh5 47. Rc6 R2xb3 48. Rff6 Kg5 49. Rh6 Re5 50. Rcg6+ Kf5 51. Kh4 Rb1
52. Rg5+ Ke4 53. Rxe5+ Kxe5 54. Ra6 Rb8 55. g4 Rg8 56. g5 Rh8+ 57. Kg4 Rh1 58.
g6 Rg1+ 59. Kh5 Kf5 60. Kh6 Rh1+ 61. Kg7 Rb1 62. Kh7 Rh1+ 63. Kg8 Rh6 64. Kf7
Ke5 65. Ra5+ 1-0

[Event "France 2019 - Accession"]
[Site "Chartres"]
[Date "2019.08.22"]
[Round "6.18"]
[White "Degardin, Sylvain"]
[Black "Dutreuil, Raphael"]
[Result "1-0"]
[WhiteElo "2189"]
[BlackElo "2313"]
[PlyCount "67"]
[EventDate "2019.08.??"]
[EventType "swiss"]
[EventRounds "9"]
[EventCountry "FRA"]
[WhiteTeam "Mulhouse Philidor"]
[BlackTeam "U.S.Villejuif Echecs"]

1. e4 c5 2. Nf3 e6 3. d4 cxd4 4. Nxd4 Nc6 5. Nc3 Qc7 6. Be3 a6 7. Qf3 d6 8.
O-O-O Bd7 9. Qg3 Nf6 10. f3 b5 11. Bxb5 Ne5 12. Be2 Rb8 13. Nb3 Be7 14. f4 Ng6
15. Bxa6 O-O 16. Bd3 Bc6 17. Rhe1 d5 18. e5 Ne4 19. Bxe4 dxe4 20. Qg4 Rfc8 21.
Bd4 h5 22. Qxh5 Nxf4 23. Qg4 Nd5 24. Nxe4 Ba4 25. Nc3 Bxb3 26. axb3 Qa5 27.
Nxd5 exd5 28. e6 f6 29. Re3 Qa1+ 30. Kd2 Bb4+ 31. Bc3 Qxb2 32. Qxb4 d4 33. Qxd4
Qa3 34. e7 1-0

[Event "France 2019 - Accession"]
[Site "Chartres"]
[Date "2019.08.22"]
[Round "6.19"]
[White "Fruchard, Cyrille"]
[Black "Duquesne, Adrien"]
[Result "1/2-1/2"]
[WhiteElo "2261"]
[BlackElo "2170"]
[PlyCount "165"]
[EventDate "2019.08.??"]
[EventType "swiss"]
[EventRounds "9"]
[EventCountry "FRA"]
[WhiteTeam "La Dame Noire"]
[BlackTeam "Evry Grand Roque"]

1. d4 Nf6 2. c4 e6 3. Nf3 d5 4. Nc3 c5 5. e3 cxd4 6. exd4 Bb4 7. Bd3 dxc4 8.
Bxc4 O-O 9. O-O b6 10. Bg5 Bb7 11. Qe2 Bxc3 12. bxc3 Nbd7 13. Rac1 Qc7 14. Bd3
h6 15. Bh4 Nh5 16. Bg3 Nxg3 17. fxg3 Rae8 18. Rfe1 Rc8 19. Bb1 Qc4 20. Qc2 Nf6
21. Ne5 Qd5 22. Re2 Rfd8 23. Rf1 Kf8 24. Rf4 b5 25. Ref2 Rc7 26. Qd2 Ke8 27.
Ng4 Nxg4 28. Rxg4 f5 29. Rgf4 b4 30. Qe2 g6 31. Bxf5 gxf5 32. Rxf5 Qe4 33. Qb5+
Qc6 34. Rf8+ Kd7 35. Rxd8+ Kxd8 36. Qxb4 Rf7 37. Qa5+ Kc8 38. d5 Qc7 39. Qb5
Rxf2 40. Qe8+ Qd8 41. Qxe6+ Qd7 42. Qg8+ Kc7 43. Kxf2 Bxd5 44. Qh8 Qf5+ 45. Ke3
Qe6+ 46. Kd2 Bxa2 47. Kc1 Bc4 48. Qg7+ Kb6 49. Qd4+ Kb7 50. Qg7+ Ka6 51. h4
Qe3+ 52. Kc2 Bd3+ 53. Kb2 Qb6+ 54. Kc1 Qb1+ 55. Kd2 Qc2+ 56. Ke3 Qe2+ 57. Kd4
Qe4+ 58. Kc5 Qe3+ 59. Kd5 Be4+ 60. Kc4 Qd3+ 61. Kb3 Bd5+ 62. Ka3 Qb5 63. Qf6+
Qb6 64. Qf1+ Ka5 65. Qd1 Qc5+ 66. Kb2 Qb5+ 67. Kc1 Qb3 68. Qd4 Qa3+ 69. Kd2
Qb2+ 70. Ke1 Qb1+ 71. Kd2 Qb2+ 72. Ke1 Qa1+ 73. Kd2 Qa2+ 74. Kc1 Kb5 75. Qb4+
Kc6 76. Qe7 Qa1+ 77. Kc2 Qa4+ 78. Kc1 Qa5 79. Kc2 Qb6 80. Qf6+ Kb7 81. Qe7+ Qc7
82. Qb4+ Kc6 83. Qa4+ 1/2-1/2

[Event "France 2019 - Accession"]
[Site "Chartres"]
[Date "2019.08.22"]
[Round "6.20"]
[White "Boyer, Mahel"]
[Black "Papadiamandis, Elliot"]
[Result "1/2-1/2"]
[WhiteElo "2341"]
[BlackElo "2216"]
[PlyCount "82"]
[EventDate "2019.08.??"]
[EventType "swiss"]
[EventRounds "9"]
[EventCountry "FRA"]
[WhiteTeam "Echiquier Nîmois"]
[BlackTeam "C.E. de  Bois-Colombes"]

1. d4 Nf6 2. Nf3 g6 3. e3 Bg7 4. c4 d5 5. Nc3 O-O 6. cxd5 Nxd5 7. Bc4 Nb6 8.
Bb3 c5 9. O-O cxd4 10. exd4 Bg4 11. d5 N8d7 12. h3 Bxf3 13. Qxf3 Nc5 14. Bg5
Nxb3 15. axb3 h6 16. Bh4 g5 17. Bg3 Bxc3 18. bxc3 Qxd5 19. Qh5 Qc6 20. Rfe1
Rfe8 21. f4 Qxc3 22. Kh2 Qg7 23. fxg5 hxg5 24. Ra5 f6 25. h4 e5 26. hxg5 Qxg5
27. Qxg5+ fxg5 28. Rexe5 Rxe5 29. Bxe5 Nd7 30. Bd4 Kf7 31. Rxg5 a5 32. Rb5 b6
33. Kh3 a4 34. bxa4 Rxa4 35. Bb2 Ra5 36. Rb3 Rd5 37. g4 b5 38. Rf3+ Kg6 39. Kh4
Rd2 40. Bc3 Rh2+ 41. Kg3 Rc2 1/2-1/2

[Event "France 2019 - Accession"]
[Site "Chartres"]
[Date "2019.08.22"]
[Round "6.21"]
[White "Meunier, Clement"]
[Black "Suez-Panama, Gilles"]
[Result "1-0"]
[WhiteElo "2291"]
[BlackElo "1930"]
[PlyCount "97"]
[EventDate "2019.08.??"]
[EventType "swiss"]
[EventRounds "9"]
[EventCountry "FRA"]
[WhiteTeam "L'Echiquier du Roy René"]
[BlackTeam "Arsenal"]

1. e4 g6 2. d4 Bg7 3. Nc3 c5 4. dxc5 Bxc3+ 5. bxc3 Qa5 6. Qd4 Nf6 7. Qb4 Nc6 8.
Qxa5 Nxa5 9. f3 O-O 10. Bg5 Kg7 11. Bb5 b6 12. cxb6 axb6 13. Ne2 h6 14. Bh4 g5
15. Bf2 d5 16. e5 Nd7 17. Bd4 e6 18. h4 Nc5 19. hxg5 hxg5 20. Rh5 Kg6 21. g4
Ba6 22. Be3 f6 23. Bxa6 Nxa6 24. exf6 Rh8 25. Rxg5+ Kxf6 26. Ng3 Nc4 27. Bf4
Rag8 28. Nh5+ Kf7 29. Kf2 Rxg5 30. Bxg5 Nc5 31. Bf6 Ra8 32. g5 Nd7 33. f4 Nd6
34. Bd4 Ne4+ 35. Kf3 e5 36. fxe5 Nxg5+ 37. Ke3 Ne6 38. Ng3 Rh8 39. Rf1+ Ke8 40.
Nf5 Rh3+ 41. Rf3 Rh5 42. Kd3 Kd8 43. c4 Nec5+ 44. Kc3 Ne4+ 45. Kb4 Nd2 46. Rf2
Nc5 47. Rxd2 Rxf5 48. Bxc5 bxc5+ 49. Kxc5 1-0

[Event "France 2019 - Accession"]
[Site "Chartres"]
[Date "2019.08.22"]
[Round "6.22"]
[White "Rabineau, Clement"]
[Black "Mouhamad, Joachim"]
[Result "0-1"]
[WhiteElo "2213"]
[BlackElo "2288"]
[PlyCount "106"]
[EventDate "2019.08.??"]
[EventType "swiss"]
[EventRounds "9"]
[EventCountry "FRA"]
[WhiteTeam "C.E. de Rueil Malmaison"]
[BlackTeam "Clichy-Echecs-92"]

1. Nf3 c5 2. e4 Nc6 3. c3 Nf6 4. e5 Nd5 5. Bc4 Nb6 6. Bb3 c4 7. Bc2 d6 8. exd6
Qxd6 9. O-O Bg4 10. h3 Bh5 11. b3 Qd7 12. Na3 cxb3 13. axb3 e5 14. Nxe5 Bxd1
15. Nxd7 Bxc2 16. Nxb6 axb6 17. Nxc2 Rxa1 18. Nxa1 Kd7 19. Nc2 Be7 20. Ba3 Bg5
21. f4 Bf6 22. Rf3 Ra8 23. Rd3+ Kc8 24. c4 Ra5 25. Rd5 Rxd5 26. cxd5 Na5 27. b4
Nb3 28. d3 Nd4 29. Nxd4 Bxd4+ 30. Kf1 b5 31. Ke2 Kd7 32. f5 Kd6 33. Kd2 Kxd5
34. Kc2 h5 35. g4 hxg4 36. hxg4 g6 37. fxg6 fxg6 38. Bc1 Bf2 39. Kd1 Bg3 40.
Ke2 Bd6 41. Ba3 Be7 42. Ke3 Bg5+ 43. Ke2 Ke5 44. Bb2+ Kf4 45. d4 Kxg4 46. d5
Kf5 47. Kf3 Be7 48. Bc3 g5 49. Ke3 g4 50. Kd3 Bd6 51. Ke3 Bf4+ 52. Kd3 g3 53.
Bd4 Bd6 0-1

[Event "France 2019 - Accession"]
[Site "Chartres"]
[Date "2019.08.22"]
[Round "6.23"]
[White "Hutois, Mickael"]
[Black "Decuigniere, Tom"]
[Result "0-1"]
[WhiteElo "2279"]
[BlackElo "2211"]
[PlyCount "42"]
[EventDate "2019.08.??"]
[EventType "swiss"]
[EventRounds "9"]
[EventCountry "FRA"]
[WhiteTeam "Echiquier de l'Erdre"]
[BlackTeam "Ecole Française d'Echecs de Metz"]

1. e4 c5 2. Nf3 g6 3. d4 cxd4 4. Nxd4 Nc6 5. c4 Bg7 6. Be3 Nf6 7. Nc3 O-O 8.
Be2 b6 9. O-O Bb7 10. f3 e6 11. Ndb5 d5 12. cxd5 exd5 13. exd5 Nb4 14. d6 Nfd5
15. Nxd5 Nxd5 16. Bd4 Qg5 17. Bxg7 Ne3 18. g3 Nxd1 19. Bxf8 Qe3+ 20. Kh1 Qxe2
21. Nd4 Qxf1# 0-1

[Event "France 2019 - Accession"]
[Site "Chartres"]
[Date "2019.08.22"]
[Round "6.24"]
[White "Razafindratsima, Timothe"]
[Black "Bacrot, Alexandre"]
[Result "1-0"]
[WhiteElo "2230"]
[BlackElo "2272"]
[PlyCount "83"]
[EventDate "2019.08.??"]
[EventType "swiss"]
[EventRounds "9"]
[EventCountry "FRA"]
[WhiteTeam "Cannes Echecs"]
[BlackTeam "La Tour Hyéroise"]

1. e4 c5 2. Nf3 d6 3. d4 cxd4 4. Nxd4 Nf6 5. Nc3 a6 6. Bg5 e6 7. f4 Be7 8. Qf3
Qc7 9. O-O-O Nbd7 10. g4 b5 11. a3 Bb7 12. Bh4 Nxe4 13. Nxe4 Nc5 14. Bd3 Bxh4
15. g5 Rd8 16. Rhg1 Bf2 17. Qxf2 Nxd3+ 18. Rxd3 Bxe4 19. Re3 d5 20. Rc3 Qb7 21.
f5 exf5 22. Nc6 Rc8 23. Qc5 Qc7 24. Re1 d4 25. Qxf5 O-O 26. Rxe4 dxc3 27. Ne7+
Qxe7 28. Rxe7 Rc4 29. bxc3 Rxc3 30. Kb2 Rc4 31. Qd7 Rcc8 32. Rxf7 Rxc2+ 33.
Kxc2 Rxf7 34. Qc8+ Rf8 35. Qxa6 Rb8 36. Qe6+ Kh8 37. h4 Ra8 38. h5 b4 39. axb4
h6 40. gxh6 Rf8 41. hxg7+ Kxg7 42. Qg6+ 1-0

[Event "France 2019 - Accession"]
[Site "Chartres"]
[Date "2019.08.22"]
[Round "6.25"]
[White "Kollar, Romain"]
[Black "Ollier, Milan"]
[Result "1-0"]
[WhiteElo "2214"]
[BlackElo "2252"]
[PlyCount "79"]
[EventDate "2019.08.??"]
[EventType "swiss"]
[EventRounds "9"]
[EventCountry "FRA"]
[WhiteTeam "Club d'Echecs de la Bruffière"]
[BlackTeam "Echiquier Médocain"]

1. d4 Nf6 2. c4 c5 3. d5 b5 4. cxb5 a6 5. bxa6 Bxa6 6. g3 d6 7. Bg2 g6 8. Nf3
Bg7 9. O-O O-O 10. Nc3 Nbd7 11. Re1 Ra7 12. Qc2 Qa8 13. Nd2 Nb6 14. e4 Ng4 15.
Nb3 c4 16. Na5 Ne5 17. Be3 Rb8 18. f4 Bc8 19. fxe5 Rxa5 20. Rf1 Nd7 21. exd6
exd6 22. a4 Ne5 23. Bg5 Nd3 24. Rab1 Qa7+ 25. Kh1 Qd4 26. Nb5 Raxb5 27. axb5
Rxb5 28. b3 c3 29. Rbd1 Nb4 30. Rxd4 Nxc2 31. Rc4 Bb7 32. Rc7 f5 33. exf5 gxf5
34. Rxf5 Rxb3 35. h4 Rb1+ 36. Kh2 Ne1 37. Rff7 Rb2 38. Rxg7+ Kf8 39. Rgf7+ Kg8
40. Rxb7 1-0

[Event "France 2019 - Accession"]
[Site "Chartres"]
[Date "2019.08.22"]
[Round "6.26"]
[White "Ronce, Nathan"]
[Black "Coiffait, Pierre-Basile"]
[Result "0-1"]
[WhiteElo "2204"]
[BlackElo "2231"]
[PlyCount "174"]
[EventDate "2019.08.??"]
[EventType "swiss"]
[EventRounds "9"]
[EventCountry "FRA"]
[WhiteTeam "Echiquier Montelais"]
[BlackTeam "L'Echiquier du Pays de Bray"]

1. e4 e5 2. Nf3 Nc6 3. c3 d5 4. Qa4 f6 5. Bb5 Nge7 6. exd5 Qxd5 7. d4 Bg4 8. c4
Qe4+ 9. Be3 Bxf3 10. Nd2 Qg6 11. gxf3 exd4 12. Bxd4 a6 13. O-O-O O-O-O 14. Be3
Nb8 15. Ne4 Rxd1+ 16. Rxd1 Nec6 17. Bxc6 Nxc6 18. Nc3 f5 19. Nd5 Bd6 20. c5 Be5
21. f4 Bf6 22. Qc2 Rd8 23. a3 Kb8 24. f3 Qf7 25. Nc3 Rxd1+ 26. Nxd1 Qd5 27. Qe2
Nd4 28. Bxd4 Qxd4 29. Nf2 Qxf4+ 30. Kb1 Qxh2 31. c6 Qe5 32. Qc2 Qe1+ 33. Nd1
Qe6 34. cxb7 Kxb7 35. Nf2 Qe1+ 36. Ka2 Qe6+ 37. Kb1 Qe1+ 38. Ka2 Qe3 39. Nd3
Qe6+ 40. Kb1 Qb6 41. f4 Ka7 42. Nb4 Qg1+ 43. Ka2 Qb6 44. Qxf5 a5 45. Nd3 h6 46.
Qd5 c6 47. Qd7+ Qb7 48. Qe8 Bd4 49. Kb1 c5 50. Qa4 Qh1+ 51. Nc1 Qe4+ 52. Ka2
Qd5+ 53. Nb3 h5 54. Qxa5+ Kb7 55. Qb5+ Kc7 56. Qe8 Bf6 57. Qe3 c4 58. Qa7+ Kd6
59. Qb8+ Ke7 60. Qc7+ Kf8 61. Nc5 c3+ 62. Kb1 Qf5+ 63. Ka2 c2 64. Nd7+ Qxd7 65.
Qxc2 h4 66. Qc5+ Qe7 67. Qc8+ Kf7 68. f5 g5 69. fxg6+ Kxg6 70. Qg4+ Bg5 71. a4
Qf7+ 72. Ka3 Qf5 73. Qc4 Qf8+ 74. b4 Qf3+ 75. Kb2 Bf6+ 76. Kc2 h3 77. Qg8+ Kf5
78. Qh7+ Kf4 79. Qh6+ Bg5 80. Qd6+ Kg4 81. b5 Qg2+ 82. Kb1 h2 83. Qd4+ Bf4 84.
Qd7+ Kg3 85. Qd3+ Qf3 86. Qg6+ Kf2 87. Qc2+ Ke1 0-1

[Event "France 2019 - Accession"]
[Site "Chartres"]
[Date "2019.08.22"]
[Round "6.27"]
[White "Pourquet, Matthieu"]
[Black "Salles, Louis"]
[Result "1/2-1/2"]
[WhiteElo "2209"]
[BlackElo "2248"]
[PlyCount "98"]
[EventDate "2019.08.??"]
[EventType "swiss"]
[EventRounds "9"]
[EventCountry "FRA"]
[WhiteTeam "Vandoeuvre-Echecs"]
[BlackTeam "C'Chartres Echecs"]

1. Nf3 d5 2. c4 d4 3. b4 g5 4. Bb2 Bg7 5. Nxg5 e5 6. Ne4 f5 7. Nc5 b6 8. Qa4+
c6 9. Nb3 Nf6 10. g3 O-O 11. Bg2 Be6 12. b5 cxb5 13. Qxb5 Nbd7 14. Qc6 Qe7 15.
Ba3 Qf7 16. Bxf8 Rxf8 17. d3 Kh8 18. a4 Re8 19. a5 e4 20. axb6 Nxb6 21. O-O e3
22. fxe3 Ng4 23. Rxa7 Qh5 24. h3 Bh6 25. hxg4 Bxe3+ 26. Rf2 fxg4 27. N1d2 Rf8
28. Ne4 Qf5 29. Ra5 Bxf2+ 30. Kf1 Nd5 31. Rxd5 Bxd5 32. Qxd5 Bxg3+ 33. Qxf5
Rxf5+ 34. Kg1 Bf4 35. Kf1 Bg3+ 36. Kg1 Bf4 37. Kf1 Be5+ 38. Ke1 h5 39. e3 dxe3
40. d4 Bf4 41. d5 h4 42. Nd4 Rf7 43. Ne6 h3 44. Nxf4 Rxf4 45. Bh1 g3 46. Nxg3
Rxc4 47. Ke2 Rg4 48. Nf5 Rg5 49. Nxe3 Kg7 1/2-1/2